000 00296nam a2200133Ia 4500
008 231129s1968||||xx |||||||||||||| ||spa||
040 _bspa
082 _aM863 P584m
100 _aPiazza Luis Guillermo
245 0 _aLa mafia
260 _c1968
264 _aJoaquin Mortiz
942 _2ddc
_cBKS
999 _c17535
_d17535